| 000 | 00859cam a2200241 4500 | ||
|---|---|---|---|
| 001 | ABS61483 | ||
| 008 | 000000n1999 000 0 eng u | ||
| 035 | _a(Sirsi) u102056 | ||
| 100 | _aHarris, P. | ||
| 245 | _aOptions for dispute resolution - spoilt for choice? | ||
| 260 | _c1999 | ||
| 490 |
_aFaculty of Building Journal _v8(5) October 1999, 19-21(3) |
||
| 520 | _aIn the first of three articles on the subject of dispute resolution, the authors address the issue of litigation, including the effect of the Civil Procedure Rules on proceedings and case management. | ||
| 590 | _aABS | ||
| 650 | _aLITIGATION | ||
| 650 |
_aDISPUTE RESOLUTION _96236 |
||
| 650 | _aCIVIL PROCEDURE RULES | ||
| 650 | _aCASE MANAGEMENT | ||
| 650 | _aWOOLF REFORMS | ||
| 690 | _aBUILT ENVIRONMENT-BUILDING CONTRACT FORMS | ||
| 700 | _aAndrews, R. | ||
| 942 | _n0 | ||
| 999 |
_c61148 _d61148 |
||